[Event "Steinfurt Bezirksliga 0910"]
[Site "Germany"]
[Date "2010.01.23"]
[Round "5.4"]
[White "Baltes, Manfred"]
[Black "Willenberg, Johannes"]
[Result "1/2-1/2"]
[WhiteElo "1557"]
[BlackElo "1368"]
[PlyCount "85"]
[EventDate "2009.09.12"]
[EventType "team-tourn"]
[EventRounds "9"]
[EventCountry "GER"]
[SourceTitle "EXT 2011"]
[Source "ChessBase"]
[SourceDate "2010.11.26"]
[SourceVersion "1"]
[SourceVersionDate "2010.11.26"]
[SourceQuality "1"]
[WhiteTeam "Steinfurt III"]
[BlackTeam "Reckenfeld II"]
[WhiteTeamCountry "GER"]
[BlackTeamCountry "GER"]

1. e4 e5 2. Nf3 Nc6 3. Bc4 d6 4. 0-0 Bg4 5. h3 Bh5 6. c3 Qd7 7. d4 0-0-0 8. d5 Nce7 9. a4 Bg6 10. Bb5 c6 11. dxc6 Nxc6 12. Bg5 f6 13. Be3 a6 14. Bd3 f5 15. exf5 Bxf5 16. Bxf5 Qxf5 17. b4 Be7 18. b5 Nb8 19. bxa6 Nxa6 20. Na3 g5 21. Qb3 h5 22. Nh2 g4 23. hxg4 hxg4 24. Qc4+ Kb8 25. Qxg4 Qh7 26. Qh3 Qxh3 27. gxh3 Rxh3 28. Kg2 Rh4 29. Nb5 Nf6 30. f3 Rg8+ 31. Ng4 Nxg4 32. fxg4 Rgxg4+ 33. Kf3 Rxa4 34. Ba7+ Kc8 35. Rxa4 Rxa4 36. Ke2 Kd7 37. Rf7 Ra5 38. c4 d5 39. Bb6 Ra2+ 40. Kd1 dxc4 41. Nc3 Ke6 42. Rxe7+ Kxe7 43. Nxa2 1/2-1/2